000 01323cam a22003497a 4500
003 CHAP
005 20220329142550.0
008 010920d2001 mx r 00110 spa d
010 _a85007
011 _a85979
035 _a96517
040 _cCHAP
090 _aTesis
100 0 0 _aHernández Velázquez, Paola.
_954720
245 1 0 _aAnálisis de la micro y pequeña empresa textil en el municipio de Chiconcuac, Estado de México
_c/por Paola Hernández Velázquez y Sofía Rangel Simón
260 _aChapingo, Méx. :
_bEl autor,
_c2001.
300 _a92 h.
502 _aTesis (Lic, en Administración de Empresas Agropecuarias) -- UACH. División de Ciencias Económico Administrativas
590 _aALEPH
_b10
_c20130110
_lUCH01
_h1444
590 _aBATCH-UPD
_b10
_c20130110
_lUCH01
_h0748
590 _aBATCH-UPD
_b10
_c20130410
_lUCH01
_h0429
590 _aBATCH-UPD
_b10
_c20130914
_lUCH01
_h1611
590 _aCONVERSION
_b10
_c20130109
_lUCH01
_h1347
650 0 4 _aTextiles
_zMéxico (Edo.).
_9112558
650 1 4 _aTextiles
_xIndustria y fabricación.
_9112556
700 0 0 _aRangel Simón, Sofía.
_994627
901 _aBK
905 _aAlejandra Carrasco M.
942 _cFOLL
949 _aTesis
_bBC
_cTES
_d33724000859708
_eTS2
_fc.2
_h38644
_i96517
_si
949 _aTesis
_bBC
_cTES
_d965171
_eTS1
_h38643
_i96517
_sb
999 _c85007
_d85007